Education as a Key to Economic Growth bakalárska práca

Gespeichert in:
Bibliographische Detailangaben
1. Verfasser: Petrovicsová, Lucia
Körperschaft: Fakulta aplikovaných jazykov EU v Bratislave. Katedra interkultúrnej komunikácie
Weitere Verfasser: Stradiotová, Eva, 1963-
Format: Buch
Sprache:Englisch
Veröffentlicht: Bratislava 2021
Tags: Tag hinzufügen
Keine Tags, Fügen Sie das erste Tag hinzu!

MARC

LEADER 00000nbm a2200000 4500
001 0274888
005 20220216093535.3
041 0 |a eng 
044 |a SK 
245 1 0 |a Education as a Key to Economic Growth  |b bakalárska práca  |c Lucia Petrovicsová ; školiteľ: Eva Stradiotová 
264 1 |a Bratislava  |c 2021 
300 |a 48 s. 
100 1 |a Petrovicsová, Lucia 
700 1 |a Stradiotová, Eva, 1963- 
710 2 |a Fakulta aplikovaných jazykov EU v Bratislave. Katedra interkultúrnej komunikácie